[Event "EU-chT Railways USIC"]
[Site "Dresden"]
[Date "2000.06.24"]
[Round "7.4"]
[White "Bruzzone, Carlo"]
[Black "Bloemink, Henk"]
[Result "1-0"]
[WhiteElo "1730"]
[BlackElo "1710"]
[PlyCount "79"]
[EventDate "2000.06.19"]
[EventType "team-swiss"]
[EventRounds "7"]
[EventCountry "GER"]
[SourceTitle "EXT 2002"]
[Source "ChessBase"]
[SourceDate "2001.11.25"]
[SourceVersion "1"]
[SourceVersionDate "2001.11.25"]
[SourceQuality "1"]
[WhiteTeam "Italy (USIC)"]
[BlackTeam "Netherlands (USIC)"]
[WhiteTeamCountry "ITA"]
[BlackTeamCountry "NED"]

1. c4 Nf6 2. Nc3 e6 3. g3 d5 4. cxd5 exd5 5. d4 c6 6. Bg2 Bd6 7. Nf3 0-0 8. Qc2 Re8 9. 0-0 Bg4 10. e3 Nbd7 11. Bd2 Bh5 12. Rfc1 Nb6 13. a3 Nc4 14. b3 Nxa3 15. Qb2 Nb5 16. Nxb5 cxb5 17. b4 a6 18. Qb3 Qd7 19. Ne5 Qe6 20. h3 Be2 21. Nd3 Bxd3 22. Qxd3 Rec8 23. Rxc8+ Rxc8 24. Re1 Rc4 25. e4 dxe4 26. Bxe4 Qxh3 27. Bf5 Ng4 28. Re8+ Bf8 29. Bxh7+ Qxh7 30. Rxf8+ Kxf8 31. Qxh7 Rxd4 32. Be3 Rd1+ 33. Kg2 Nf6 34. Qh8+ Ke7 35. Qxg7 Rd6 36. Qg5 Rc6 37. Bd4 Re6 38. Qc5+ Kd7 39. Bxf6 Rxf6 40. Qd4+ 1-0

[Event "EU-chT Railways USIC"]
[Site "Dresden"]
[Date "2000.06.21"]
[Round "3.4"]
[White "Bruzzone, Carlo"]
[Black "Klasen, Gunnar"]
[Result "0-1"]
[WhiteElo "1730"]
[BlackElo "1987"]
[PlyCount "80"]
[EventDate "2000.06.19"]
[EventType "team-swiss"]
[EventRounds "7"]
[EventCountry "GER"]
[SourceTitle "EXT 2002"]
[Source "ChessBase"]
[SourceDate "2001.11.25"]
[SourceVersion "1"]
[SourceVersionDate "2001.11.25"]
[SourceQuality "1"]
[WhiteTeam "Italy (USIC)"]
[BlackTeam "Sweden (USIC)"]
[WhiteTeamCountry "ITA"]
[BlackTeamCountry "SWE"]

1. c4 Nf6 2. Nc3 e6 3. g3 d5 4. cxd5 exd5 5. d4 c6 6. Bg2 Bd6 7. Nf3 h6 8. 0-0 0-0 9. Qc2 Be6 10. Re1 Nbd7 11. a3 Re8 12. Bd2 Rc8 13. b4 Nb6 14. e3 Qd7 15. Rec1 Nc4 16. Be1 Bh3 17. Bh1 Bf5 18. Qb3 b6 19. Nd2 Nxd2 20. Bxd2 Ne4 21. Be1 Ng5 22. h4 Nh3+ 23. Kh2 g5 24. h5 g4 25. b5 cxb5 26. Nxd5 Kg7 27. Nc3 Qe7 28. Kg2 a6 29. Kf1 Ng5 30. Nd5 Qe6 31. Rc3 Rxc3 32. Qxc3 Nf3 33. Nf4 Bxf4 34. exf4 Qe2+ 35. Kg2 Nxe1+ 36. Kg1 Bd3 37. Bg2 Nxg2 38. d5+ f6 39. Kxg2 Qf3+ 40. Kg1 Be4 0-1

[Event "EU-chT Railways USIC"]
[Site "Dresden"]
[Date "2000.06.20"]
[Round "1.4"]
[White "Bruzzone, Carlo"]
[Black "Hornak, Viliam"]
[Result "1/2-1/2"]
[WhiteElo "1730"]
[BlackElo "2109"]
[PlyCount "74"]
[EventDate "2000.06.19"]
[EventType "team-swiss"]
[EventRounds "7"]
[EventCountry "GER"]
[SourceTitle "EXT 2002"]
[Source "ChessBase"]
[SourceDate "2001.11.25"]
[SourceVersion "1"]
[SourceVersionDate "2001.11.25"]
[SourceQuality "1"]
[WhiteTeam "Italy (USIC)"]
[BlackTeam "Slovakia (USIC)"]
[WhiteTeamCountry "ITA"]
[BlackTeamCountry "SVK"]

1. c4 e6 2. Nc3 Nf6 3. g3 d5 4. cxd5 exd5 5. d4 c6 6. Bg2 Nbd7 7. Nf3 Bd6 8. 0-0 0-0 9. Qc2 Re8 10. e3 Nb6 11. Nd2 Bf8 12. a3 Bg4 13. Re1 Qd7 14. b4 a6 15. Bb2 Bh3 16. Bh1 Bf5 17. e4 dxe4 18. Ncxe4 Nfd5 19. Qb3 Rad8 20. Nc5 Qc8 21. a4 Nf6 22. a5 Nbd5 23. Nc4 Rxe1+ 24. Rxe1 Re8 25. Ne3 Nc7 26. Bg2 Nfd5 27. Bf1 Nb5 28. Re2 Bxc5 29. dxc5 Be6 30. Nxd5 Bxd5 31. Rxe8+ Qxe8 32. Qc2 Qe4 33. Qxe4 Bxe4 34. Bxb5 axb5 35. f4 f6 36. Kf2 Kf7 37. Ke3 Bf5 1/2-1/2